| 000 | 00504nam a22001577a 4500 | ||
|---|---|---|---|
| 999 |
_c13948 _d13948 |
||
| 008 | 190617b ||||| |||| 00| 0 eng d | ||
| 020 | _a9718581367 | ||
| 082 |
_21999 _aDFil 425 _bP27 |
||
| 100 |
_aPatron, Ida Yap. _938849 |
||
| 245 |
_aEnglish plus: _ba communicative approach (textbook-workbook) _cIda Yap- Patron. |
||
| 260 |
_aQuezon City: _bGreat Books Trading, _c©1999. |
||
| 300 |
_aix,151 pages; _c26 cm. |
||
| 500 | _aIncludes references. | ||
| 650 |
_aEnglish language _938850 |
||
| 942 |
_2ddc _cDC |
||